[Event "XIV Torneio Int. da Figueira da Foz"]
[Site "Figueira da Foz POR"]
[Date "2020.10.31"]
[Round "9.15"]
[White "Guerreiro, Nuno"]
[Black "Pipiras, Filipa"]
[Result "0-1"]
[WhiteElo "2079"]
[BlackElo "1912"]
[WhiteFideId "1903012"]
[BlackFideId "1944894"]
[WhiteCountry "POR"]
[BlackCountry "POR"]
[PlyCount "76"]

1. Nf3 Nf6 2. c4 e6 3. g3 d5 4. Bg2 Be7 5. O-O O-O 6. Qc2 c5 7. d4 b6 8. Nbd2
Bb7 9. cxd5 exd5 10. dxc5 bxc5 11. Nb3 Nbd7 12. Bd2 Rc8 13. Ba5 Nb6 14. Rac1 d4
15. Rfd1 Be4 16. Qd2 Qd5 17. Qf4 Nc4 18. Nfxd4 cxd4 19. Rxd4 Qb5 20. Bh3 Rc6 21.
Rxe4 Nxe4 22. Nd4 Qd5 23. Nxc6 Bg5 24. Qc7 Nxa5 25. Ne7+ Bxe7 26. Qxe7 Qd2 27.
Rf1 Qxe2 28. Qxa7 Nc4 29. Qa6 Qc2 30. Bf5 g6 31. Bxe4 Qxe4 32. b3 Nd2 33. Rd1
Nf3+ 34. Kf1 Nxh2+ 35. Kg1 Nf3+ 36. Kf1 Re8 37. Qb5 Re5 38. Qd3 Nd2+ 0-1